|
|
|
|
| LEADER |
00705nam a2200205Ia 4500 |
| 001 |
CTU_122820 |
| 008 |
210402s9999 xx 000 0 und d |
| 082 |
|
|
|a 338.17318
|
| 082 |
|
|
|b S964
|
| 110 |
|
|
|a International Rice Research Institute
|
| 245 |
|
0 |
|a Sustaining food security beyond the year 2000 :
|
| 245 |
|
2 |
|b A global partnership for rice research,rolling medium-term plan
|
| 245 |
|
0 |
|c International Rice Research Institute
|
| 260 |
|
|
|a Los Baños, Philippines
|
| 260 |
|
|
|b International Rice Research Institute
|
| 260 |
|
|
|c 1998
|
| 650 |
|
|
|a Food indutry and trade,Rice
|
| 650 |
|
|
|x Research
|
| 904 |
|
|
|i M.Loan, Huỳnh Mai
|
| 980 |
|
|
|a Trung tâm Học liệu Trường Đại học Cần Thơ
|